Normal view
MARC view
- Wheeler, Harold
Entry Personal Name
001 - CONTROL NUMBER
- control field: 106140
003 - CONTROL NUMBER IDENTIFIER
- control field: NUST
005 - DATE AND TIME OF LATEST TRANSACTION
- control field: 20221227190926.0
008 - FIXED-LENGTH DATA ELEMENTS
- fixed length control field: 221227|| aca||aabn | a|a d
040 ## - CATALOGING SOURCE
- Original cataloging agency: NUST
- Transcribing agency: NUST
100 ## - HEADING--PERSONAL NAME
- Personal name: Wheeler, Harold
670 ## - SOURCE DATA FOUND
- Source citation: Work cat.: (NUST)193949: Wheeler, Harold , War With the Sea Wolves /, 1940
